Source book on socially useful productive work (Record no. 1455058)

MARC details
000 -LEADER
fixed length control field 00589nam a2200205Ia 4500
005 - DATE AND TIME OF LATEST TRANSACTION
control field 20250923145734.0
008 - FIXED-LENGTH DATA ELEMENTS--GENERAL INFORMATION
fixed length control field 008 250917s9999 xx 000 0 eng d
037 ## - SOURCE OF ACQUISITION
Stock number Textual
040 ## - CATALOGING SOURCE
Original cataloging agency DSWL
Language of cataloging eng
Transcribing agency DSWL
041 ## - LANGUAGE CODE
Language code of text/sound track or separate title eng
Source of code eng
084 ## - COLON CLASSIFICATION NUMBER
Classification number T2:3.2, N85.2
Assigning agency DSWL
100 ## - MAIN ENTRY--PERSONAL NAME
Personal name Kaushik, M.M.
9 (RLIN) 838469
245 #0 - TITLE STATEMENT
Title Source book on socially useful productive work
Statement of responsibility, etc. by M.M.Kaushik
260 ## - PUBLICATION, DISTRIBUTION, ETC.
Place of publication, distribution, etc. New Delhi
Name of publisher, distributor, etc. N.C.E.R.T.
Date of publication, distribution, etc. 1985
300 ## - PHYSICAL DESCRIPTION
Extent iv,162p.
490 ## - SERIES STATEMENT
Volume/sequential designation Vol II
700 ## - ADDED ENTRY--PERSONAL NAME
Personal name B. Verma
9 (RLIN) 838470
942 ## - ADDED ENTRY ELEMENTS (KOHA)
Koha item type Textual
Classification part T2:3.2, N85.2
Holdings
Withdrawn status Lost status Damaged status Not for loan Home library Current library Date acquired Source of acquisition Inventory number Total Checkouts Full call number Barcode Date last seen Price effective from Koha item type
        Department of Social Work Library Department of Social Work Library 2025-09-23 Gifted by Publisher Gifted   T2:3.2, N85.2 SW0022819 2025-09-23 2025-09-23 Textual
Copyright @ Delhi University Library System